LEADER 02005nam1 22004213i 450 001 BVEE056992 005 20170908093229.0 100 $a20101126d1787 ||||0itac50 ba 101 | $alat 102 $ait 181 1$6z01$ai $bxxxe 182 1$6z01$an 200 1 $a˜P. Virgilii Maronis œOpera interpretatione et notis illustrauit Carolus Ruaeus, Soc Jesu, ad usum serenissimi delphini 205 $aEditio Noua, Auctior, et Emendatior... juxta editionem tertiam parisiensem A. 1722 210 $aNeapoli$cex Typographia Pauli Severini-Boeti$d1787 215 $av.$d4o. 463 1$1001BVEE056994$12000 $a2$v2 620 $dNapoli$3TO0L002386 700 1$aVergilius Maro$b, Publius$3CFIV008978$4070$07260 702 1$aLa Rue$b, Charles : de$f <1643-1725>$3UBOV118043 712 02$aSeverini, Paolo$d <2.>$3NAPV077111$4650 790 1$aVirgilio Marone$b, Publio$3CFIV008979$zVergilius Maro, Publius 790 0$aVirgilio$c <70-19 a.C.>$3CFIV008980$zVergilius Maro, Publius 790 0$aVirgilius$c <70-19 a.C.>$3RAVV097791$zVergilius Maro, Publius 790 1$aVirgilio$b, Publio Marone$3SBNV028729$zVergilius Maro, Publius 790 0$aVergilius$c <70-19 a.C.>$3SBNV036222$zVergilius Maro, Publius 790 1$aVirgilius Maro$b, Publius$3SBNV036239$zVergilius Maro, Publius 790 1$aRuaeus$b, Carolus$3TO0V316097$zLa Rue, Charles : de <1643-1725> 791 02$aSeverini Boezio, Paolo$3NAPV081981$zSeverini, Paolo <2.> 791 02$aSeverino, Paolo$d <2.>$3NAPV081982$zSeverini, Paolo <2.> 801 3$aIT$bIT-NA0079$c20101126 850 $aIT-BN0064$aIT-BN0116 912 $aBVEE056992 950 1$aBiblioteca Pio XI del Seminario arcivescovile$bv. 2$cv. 2$d BPANTICO C 400 950 1$aBiblioteca San Gabriele Arcangelo$cv. 2$d GAF. ANTICO Teo. Past. Asc. Mist. 357 977 $a BP$a GA 996 $aOpera interpretatione et notis illustrauit Carolus Ruaeus, Soc Jesu, ad usum serenissimi delphini$91482190 997 $aUNISANNIO